| 000 | 01044cam a2200193 4500 | ||
|---|---|---|---|
| 008 | 031112n2003 000 0 eng u | ||
| 035 | _a(Sirsi) u124284 | ||
| 245 | _aWhen you are in a hole...don't dig. | ||
| 260 | _c2003 | ||
| 490 |
_aRAC Foundation Press Release _v7 November 2003 (3) |
||
| 520 | _aThe RAC is calling for new legislation to cut the two billion pounds worth of delays caused by utilities companies digging up the road. The call comes after Department for Transport and Scottish Executive research indicated that some utility companies exaggerated the duration of road works to avoid fines. The Research examined section 74 of the New Roads and Street Works Act. Over-estimation appears to be between 35% and 50% more than the actual duration of the works. The press release can be viewed at http://www.racfoundation.org/release/071103rac.htm. | ||
| 650 | _aRAC | ||
| 650 | _aDFT | ||
| 650 | _aROAD WORKS | ||
| 650 | _aUTILITY COMPANIES | ||
| 650 | _aESTIMATION | ||
| 690 |
_aProject management _96261 |
||
| 942 | _n0 | ||
| 999 |
_c73767 _d73767 |
||